000 00280nam a2200145Ia 4500
100 _aJagannathan
650 _aELECTRONICS
942 _cBK
366 _f25
245 _aPower Electronics
260 _bPHI
_c2011
082 _a621.317/JAG
546 _aENGLISH
999 _c25012
_d25012